00475nam a2200181 a 4500001000800000005001700008008004100025010001700066040001800083041000800101043001200109080002100121082002500142100000600167101000800173245008000181504003200261184480220180202044432.0810909s1981 kyuacf b 001 0 eng  a 81080559  aDLCcDLCdDLC aeng an-us-ky a630.71176947 SMI00a630.71176947 SMI2191 a9 aMJE14aThe College of Agriculture of the University of Kentucky :cJ. Allan Smith. aBibliography: p. [507]-514.